| 000 | 00773nam a2200229 a 4500 | ||
|---|---|---|---|
| 001 | 1667155 | ||
| 003 | OSt | ||
| 005 | 20260129071448.0 | ||
| 008 | 971128s1997 ii b 001 0 eng | ||
| 020 | _a9788124104811 | ||
| 040 | _c. | ||
| 082 | _a305.42 SAR | ||
| 100 | 1 | _aSarveswara Rao, B. | |
| 245 | 1 | 0 |
_aAnti-arrack movement of women in Andhra Pradesh and prohibition policy / _cB. Sarveswara Rao, G. Parthasarathy. |
| 260 |
_aNew Delhi : _bHar-Anand Publications, _cc1997. |
||
| 300 |
_a180 p. ; _c22 cm. |
||
| 650 | 0 |
_aTemperance _zIndia _zAndhra Pradesh. |
|
| 650 | 0 |
_aWomen in public life _zIndia _zAndhra Pradesh. |
|
| 650 | 0 |
_aAlcoholism _zIndia _zAndhra Pradesh _xPrevention. |
|
| 650 | 0 |
_aAlcoholism _xGovernment policy _zIndia _zAndhra Pradesh. |
|
| 942 |
_2ddc _cBK |
||
| 999 |
_c14089 _d14089 |
||